| 000 | 00421nam a2200121Ia 4500 | ||
|---|---|---|---|
| 008 | 160609s9999 xx 000 0 und d | ||
| 100 | _aSaborio, Linda. | ||
| 245 | _aEmbodying Difference: Scripting Social Images Of The Female Body In Latina Theatre | ||
| 245 | _cBy:Linda SaborĂo | ||
| 260 | _c2011 | ||
| 650 | _xINTRODUCTION TO THEATRE ARTS | ||
| 856 | _uhttp://file.ebook777.com/EmbDifScrSocImaOfTheFemBodInLatThe.pdf | ||
| 999 |
_c295639 _d295639 |
||